Čierna ekonomika, daňové úniky, trh a korupcia
Ukazovateľ- výška podielu čiernej ekonomiky na HDP. Vyšší podiel čiernej ekonomiky v chudobných krajinách. Príklad daňových únikov. Podiel čiernej ekonomiky v štandardných krajinách a na Slovensku. Protikorupčný rámec. Trh a korupcia.
Salvato in:
| Autore principale: | |
|---|---|
| Natura: | Capitolo di libro |
| Lingua: | slovacco |
| Soggetti: | |
| Tags: |
Nessun Tag, puoi essere il primo ad aggiungerne!!
|
MARC
| LEADER | 00000naa$a2200000$$$4500 | ||
|---|---|---|---|
| 001 | 0055988 | ||
| 005 | 20231006122025.4 | ||
| 041 | 0 | |a slo | |
| 044 | |a SK | ||
| 245 | 1 | 0 | |a Čierna ekonomika, daňové úniky, trh a korupcia |c Emil Burák |
| 520 | |a Ukazovateľ- výška podielu čiernej ekonomiky na HDP. Vyšší podiel čiernej ekonomiky v chudobných krajinách. Príklad daňových únikov. Podiel čiernej ekonomiky v štandardných krajinách a na Slovensku. Protikorupčný rámec. Trh a korupcia. | ||
| 610 | 2 | 0 | |a ekonomika tieňová |
| 610 | 2 | 0 | |a únik daňový |
| 610 | 2 | 0 | |a trh |
| 610 | 2 | 0 | |a korupcia |
| 610 | 2 | 0 | |a Slovensko |
| 100 | 1 | |a Burák, Emil | |